| 000 | 01502nam0a22003251 4500 | ||
|---|---|---|---|
| 001 | 2576739 | ||
| 005 | 20260407114008.0 | ||
| 021 |
_aRU _b78-48011 |
||
| 035 | _a(NLR Aleph) 006460002 | ||
| 090 |
_a5826363 _c5826363 |
||
| 100 | _a20110316d1978 |||y0rusy50 ca | ||
| 101 | 0 | _arus | |
| 102 | _aRU | ||
| 105 | _ay z ||||| | ||
| 200 | 1 |
_aМетодические рекомендации по организации режимов и условий труда огнеупорщиков на ремонте нагревательных колодцев и методических печей _fВНИИ орг. пр-ва и тр. чер. металлургии (ВНИИОчермет) _gРазраб. Н.В. Волков, Н.Г. Карнаух, кандидаты мед. наук, Л.Т. Гудько и др. |
|
| 210 |
_aХарьков _cБ. и. _d1978 |
||
| 215 |
_a34 с. _d22 |
||
| 300 | _aСост. указаны на обороте тит. л. | ||
| 686 |
_aК621.003.1-51-083я82 _2rubbk |
||
| 686 |
_aУ9(2)305.551.1-642.1я8 _2rubbk |
||
| 702 | 1 |
_aКарнаух _bН.Г. _4220 |
|
| 702 | 1 |
_aГудько _bЛ.Т. _4220 |
|
| 702 | 1 |
_aВолков _bН.В. _4220 |
|
| 712 | 0 | 2 |
_aВНИИ организации производства и труда черной металлургии _cХарьков _9633692 _3RU\NLR\AUTH\8810066035 |
| 801 | 0 |
_aRU _bNLR _gpsbo |
|
| 801 | 1 |
_aRU _bELAR _2rusmarc |
|
| 852 |
_aNLR _jDesideratum |
||
| 899 |
_aRuMoRGB _jM 78-11/3223 |
||
| 942 | _cBOOK | ||
| 980 | _aNB | ||